000
00297nam a2200121Ia 4500
008
190216s9999||||xx |||||||||||||| ||und||
100
_a
Sree Chand Singh
245
0
_a
Hindi-Ikkisaveem Sadhi Ka Trade Mark
260
_b
Soumya Publications
_c
2010
300
_a
140
650
_a
Hindi
942
_c
BK
999
_c
16822
_d
16822